000 00466nam a2200181Ia 4500
001 17487
005 20260306171521.0
008 260306s9999||||xx |||||||||||||| ||und||
041 _aESP
082 _aS 658
_bR71F
100 _aRobbins, Stephen P.
_eAUT
245 0 _aFundamentos de administración:
_bconceptos esenciales y aplicaciones
260 _c1996
300 _a485 páginas :
_c25 cm.
650 _aGEN
654 _aCAN
942 _cLIB
_dJUS
_fJUS
_2ddc
_n
999 _c17487
_d17487